| 000 -LEADER |
| fixed length control field |
00464nam a22001577a 4500 |
| 008 - FIXED-LENGTH DATA ELEMENTS--GENERAL INFORMATION |
| fixed length control field |
151013b xxu||||| |||| 00| 0 eng d |
| 020 ## - INTERNATIONAL STANDARD BOOK NUMBER |
| International Standard Book Number |
0078237661 |
| 041 0# - LANGUAGE CODE |
| Language code of text/sound track or separate title |
eng |
| 080 ## - UNIVERSAL DECIMAL CLASSIFICATION NUMBER |
| Universal Decimal Classification number |
336 |
| 245 #0 - TITLE STATEMENT |
| Title |
Business and personal finance / |
| Statement of responsibility, etc |
Jack R. Kapoor; Les R. Dlabay; Robert J. Hughes; |
| 250 ## - |
| -- |
Teacher;s annotated edition |
| 260 ## - |
| -- |
USA: |
| -- |
Gleonce McGraw-Hill; |
| -- |
2002. |
| 300 ## - |
| -- |
786 f.: |
| -- |
me il.; |
| -- |
25 cm. |
| 650 #0 - |
| -- |
Financa personale |
| 942 ## - ADDED ENTRY ELEMENTS (KOHA) |
| Source of classification or shelving scheme |
|
| Item type |
Books |